| 000 | 01277nam a22002415i 4500 | ||
|---|---|---|---|
| 001 | 157348 | ||
| 003 | ES-MaACL | ||
| 005 | 20250627063649.0 | ||
| 008 | 040915s1783 fr abc |||| | fre d | ||
| 040 |
_aCAM _bspa _cCAM |
||
| 100 | 1 |
_aLe Clerc, Nicolas-Gabriel, _d1726-1798 _970856 |
|
| 245 | 1 | 0 |
_aHistoire physique, morale, civile et politique de la Russie ancienne / _cpar M. Le Clerc... ; tome premier. |
| 260 |
_aA Paris : _bchez Froullé, libraire... ; _aA Versailles : _bchez Blaizot, libraire..., _c1783 ( _fDe l'imprimerie de Clousier) |
||
| 300 |
_a[4], VII, [1], XX, 510, [2] p., [2] h. map. pleg., [29] h. de grab. ; _c4º. |
||
| 596 | _aDato de impresor consta en colofón. | ||
| 597 | _aSign.: []\p2\s, a\p4\s, a-b\p4\s, c\p2\s, A-2Z\p4\s, 3A-3S\p4\s. | ||
| 597 | _aAntep. | ||
| 599 | _aLas h. de map. pleg. calc.: "Domination des slaves de Novogorod en 862 " y "Domination séparée des Russes de Kiof en 862" | ||
| 599 | _aLas h. de grab. calc., retratos de personajes rusos: "Dessiné par Chevalier, gravé par Chenu", "Dessiné par Chevalier, gravé par Pauquet", "Dessiné par Desmaisons, gravé par Chenu" [etc.] | ||
| 651 | 4 |
_aRusia- _xHistoria. _99330 |
|
| 852 |
_aES-MaACL _jR-3443 _z-- Enc. pasta española |
||
| 999 |
_c157348 _d157348 |
||